Music Quiz

Random Music or Year Quiz

US #1 Songs of the Year Quiz Stats

 Plays Quiz Updated Apr 4, 2019

Score 0/63 Timer 11:00
7 Plays Today
% Correct
Meghan Trainor
74.6%
Mark Ronson ft. Bruno Mars
66.8%
Ed Sheeran
62.6%
LMFAO
59.2%
Gotye ft. Kimbra
58.2%
Imagine Dragons
55.2%
The Black Eyed Peas
51.2%
Maroon 5 feat. Cardi B
51.1%
Whitney Houston
50.8%
Usher feat. Lil Jon & Ludacris
50.4%
Elvis Presley
50.3%
Survivor
48.2%
Santana feat. Rob Thomas
47.5%
Elton John
45.6%
Lady Antebellum
45%
George Michael
42.3%
Flo Rida ft. T-Pain
41.9%
The Police
39.7%
The Beatles
38.6%
The Chainsmokers feat. Halsey
37.5%
The Rolling Stones
35.1%
Olivia Newton-John
34.6%
Carly Simon
34.4%
Beyoncé
33%
Alicia Keys
31.9%
Blondie
31.2%
Prince
30.4%
The Beatles
30.3%
Nickelback
29.4%
Bryan Adams
29.3%
Three Dog Night
28.6%
The Monkees
28.4%
% Correct
Toni Braxton
23.6%
OutKast
22.9%
Boyz II Men
21.2%
Jackson 5
21.2%
Mariah Carey
19.8%
Dionne (Warwick) & Friends
19.4%
Chic
18%
Bobby Darin
18%
Nelly feat. Kelly Rowland
17.6%
Tag Team
17.5%
Debby Boone
17.2%
Mariah Carey & Boyz II Men
16.7%
5th Dimension
16.3%
Faith Hill
15.8%
Lulu
14.7%
Donna Summer
13.6%
Barbra Streisand
13%
Gilbert O'Sullivan
11.3%
Phil Collins
11.1%
Next
10.6%
Lionel Richie
10.3%
Danny and the Juniors
9.4%
Rod Stewart
8.7%
Percy Faith
5.9%
George Michael
5.1%
Pat Boone
4.5%
John Denver
4.2%
Ray Charles
4.2%
Stevie B
3.9%
Jimmy Gilmer & the Fireballs
3.7%
Bobby Lewis
3.7%

You're not logged in!

Compare scores with friends on all Sporcle quizzes.
OR
Log In

Show Comments

Extras

Top Quizzes Today


Score Distribution

Your Account Isn't Verified!

In order to create a playlist on Sporcle, you need to verify the email address you used during registration. Go to your Sporcle Settings to finish the process.

Report this User

Report this user for behavior that violates our Community Guidelines.

Details: